Le nuove prove scientifiche nella revisione del processo penale

Detalles Bibliográficos
Autor principal: Ventura, Nicoletta
Formato: Libro
Lenguaje:italiano
Publicado: [Bari] : Cacucci Editore, 2010.
Materias:
Acceso en línea:Acceso restringido

MARC

LEADER 00000nam a2200000 4500
005 20110503130731.0
008 100809s2010 it 000 0 ita d
020 |a 9788884229250 
035 |a 4973 
040 |a BUS   |d vLex 
090 |c 2101  |d 2101 
100 1 |a Ventura, Nicoletta. 
245 1 3 |a Le nuove prove scientifiche nella revisione del processo penale  |h [Recurso electrn̤ico] /  |c Nicoletta Ventura. 
256 |a Servicio en ln̕ea. 
260 |a [Bari] :  |b Cacucci Editore,  |c 2010. 
300 |a 1 recurso electrn̤ico 
506 1 |a Contenido solo disponible en los productos indicados  |d vLex Global  |d vLex Global (Academic Edition, excluding Law Schools)  |d vLex Global (U.S. Academic Edition, Law Schools)  |d vLex Global (U.S. Academic Edition, excluding Law Schools)  |d vLex Global (Academic Edition, Law Schools) 
650 0 4 |a Derecho penal  |z Italia  
740 0 |a vLex Libros (Servicio en ln̕ea)  
856 |u http://vlex.com/source/nuove-prove-scientifiche-revisiones-processo-penale-4973  |z Acceso restringido 
942 |c BOOK